Southville International School and Colleges
Your cart is empty.
  • Cart
  • Lists
    Public lists Eva Luna New books Lux_list list_1
    Your lists Log in to create your own lists
  • Log in to your account
  • Your cookies
  • Search history
Southville International School and Colleges
  • Advanced search
  • Recent comments
  • Most popular
  • Libraries

Log in to your account

Log in with GOOGLE


If you do not have an external account, but do have a local account, you can still log in:

  1. Home
  2. MARC view: Making technology work in schools :
Normal view MARC view ISBD view

Making technology work in schools : (Record no. 367739)

[ view plain ]
MARC details
000 -LEADER
fixed length control field 00932nam a22002537a 4500
003 - CONTROL NUMBER IDENTIFIER
control field 0
005 - DATE AND TIME OF LATEST TRANSACTION
control field 20250902091949.0
008 - FIXED-LENGTH DATA ELEMENTS--GENERAL INFORMATION
fixed length control field 250902b xxu||||| |||| 00| 0 eng d
020 ## - INTERNATIONAL STANDARD BOOK NUMBER
International Standard Book Number 978-1-032-67349-3
050 ## - LIBRARY OF CONGRESS CALL NUMBER
Classification number LB 1028.3
Item number .G74 2025
100 ## - MAIN ENTRY--PERSONAL NAME
Personal name Green, Timothy D.,
Relator term author.
245 ## - TITLE STATEMENT
Title Making technology work in schools :
Remainder of title how PK-12 educators can foster digital-age learning /
Statement of responsibility, etc Timothy D. Green, Loretta C. Donovan, and Jody Peerless Green.
250 ## - EDITION STATEMENT
Edition statement Second edition.
260 ## - PUBLICATION, DISTRIBUTION, ETC. (IMPRINT)
Place of publication, distribution, etc New York, NY :
Name of publisher, distributor, etc Routledge,
Date of publication, distribution, etc 2025.
300 ## - PHYSICAL DESCRIPTION
Extent xix, 214 pages ;
Dimensions 23 cm.
504 ## - BIBLIOGRAPHY, ETC. NOTE
Bibliography, etc Includes bibliographical references and index.
650 ## - SUBJECT ADDED ENTRY--TOPICAL TERM
Topical term or geographic name as entry element Educational technology
Geographic subdivision United States.
650 ## - SUBJECT ADDED ENTRY--TOPICAL TERM
Topical term or geographic name as entry element Computer-assisted instruction
Geographic subdivision United States.
650 ## - SUBJECT ADDED ENTRY--TOPICAL TERM
Topical term or geographic name as entry element Internet in education.
650 ## - SUBJECT ADDED ENTRY--TOPICAL TERM
Topical term or geographic name as entry element Digital learning.
700 ## - ADDED ENTRY--PERSONAL NAME
Personal name Donovan, Loretta C.,
Relator term author.
700 ## - ADDED ENTRY--PERSONAL NAME
Personal name Green, Jody Peerless,
Relator term author.
942 ## - ADDED ENTRY ELEMENTS (KOHA)
Source of classification or shelving scheme Library of Congress Classification
Koha item type Books
Holdings
Withdrawn status Lost status Source of classification or shelving scheme Damaged status Home library Current library Shelving location Date acquired Source of acquisition Sub Shelving location Total Checkouts Full call number Barcode Date last seen Price effective from Koha item type
    Library of Congress Classification   College Library College Library Reserve Section 06/04/2025 Library Fund     LB 1028.3 .G74 2025 C24866 09/02/2025 09/02/2025 Books

Making technology work in schools :

APA

Green T. D., Donovan L. C. & Green J. P. (2025). Making technology work in schools. New York, NY: Routledge.

Chicago

Green Timothy D, Donovan Loretta C and Green Jody Peerless. 2025. Making technology work in schools. New York, NY: Routledge.

Harvard

Green T. D., Donovan L. C. and Green J. P. (2025). Making technology work in schools. New York, NY: Routledge.

MLA

Green Timothy D, Donovan Loretta C and Green Jody Peerless. Making technology work in schools. New York, NY: Routledge. 2025.

  • Place hold
  • Print
  • Cite
  • Add to your cart (remove)
  • Save record
    BIBTEX Dublin Core MARCXML MARC (non-Unicode/MARC-8) MARC (Unicode/UTF-8) MARC (Unicode/UTF-8, Standard) MODS (XML) RIS
  • More searches
    Search for this title in:
    Other Libraries (WorldCat) Other Databases (Google Scholar) Online Stores (Bookfinder.com) Open Library (openlibrary.org)

Exporting to Dublin Core...

SOUTHVILLE LIBRARY

Southville International School and Colleges Library

1281 Tropical Ave. Cor. Luxembourg St., BF Homes International, Las Pinas City

Tel. No. 8256374 / 252358 Loc. 117/146

Powered by Koha